| 000 | 00406nam a2200157Ia 4500 | ||
|---|---|---|---|
| 008 | 210716s2004 xx 000 0 und d | ||
| 020 | _a0471228761 | ||
| 041 | _aeng | ||
| 082 | _a658.1511 JIAJ | ||
| 100 | _aJiambalvo, James. | ||
| 245 | _aManagerial accounting. | ||
| 250 | _a5 | ||
| 260 |
_aNew Jersey _bJohn Wiley and Sons _c2004 |
||
| 300 | _axxix,499,G6,I7/2015 | ||
| 650 | _aManagement Accounting | ||
| 999 |
_c209169 _d209169 |
||